Use of GIS in site investigation (Record no. 73166)

MARC details
000 -LEADER
fixed length control field 01090cam a2200229 4500
001 - CONTROL NUMBER
control field ABS66915
008 - FIXED-LENGTH DATA ELEMENTS--GENERAL INFORMATION
fixed length control field 030805n2003 000 0 eng u
035 ## - SYSTEM CONTROL NUMBER
System control number (Sirsi) u123195
100 ## - MAIN ENTRY--PERSONAL NAME
Personal name Sinclair, D.
245 ## - TITLE STATEMENT
Title Use of GIS in site investigation
260 ## - PUBLICATION, DISTRIBUTION, ETC.
Date of publication, distribution, etc. 2003
490 ## - SERIES STATEMENT
Series statement Civil Engineering Surveyor
Volume/sequential designation July/August 2003, 34-35(2)
520 ## - SUMMARY, ETC.
Summary, etc. Examines the use and benefits of GIS in site investigation. Describes the general features of GIS and defines site investigation as the collection of geological, geophysical and geotechnical data for the purpose of project feasibility, design and operation. Expands on the use of GIS in data integration and planning, data analysis, data visualisation and decision support and data and asset management. Concludes that GIS is an ideal tool to store data related to a project for present and future use. Figures.
590 ## - LOCAL NOTE (RLIN)
Local note ABS
650 ## - SUBJECT ADDED ENTRY--TOPICAL TERM
Topical term or geographic name entry element SITE INVESTIGATION
650 ## - SUBJECT ADDED ENTRY--TOPICAL TERM
Topical term or geographic name entry element GIS
650 ## - SUBJECT ADDED ENTRY--TOPICAL TERM
Topical term or geographic name entry element DATA ANALYSIS
650 ## - SUBJECT ADDED ENTRY--TOPICAL TERM
Topical term or geographic name entry element DATA MANAGEMENT
650 ## - SUBJECT ADDED ENTRY--TOPICAL TERM
Topical term or geographic name entry element Geomatics
9 (RLIN) 6242
690 ## - LOCAL SUBJECT ADDED ENTRY--TOPICAL TERM (OCLC, RLIN)
Topical term or geographic name as entry element MAPPING AND MEASUREMENT-GIS
942 ## - ADDED ENTRY ELEMENTS (KOHA)
Suppress in OPAC 0
Holdings
Withdrawn status Lost status Source of classification or shelving scheme Damaged status Not for loan Home library Current library Shelving location Date acquired Total Checkouts Full call number Barcode Date last seen Copy number Price effective from Koha item type
    Dewey Decimal Classification     London London Journal article 05/08/2003   ABS66915 123195-1001 06/08/2019 1 06/08/2019 Journal article